Kalman filtering with inequality constraints for turbofan engine health estimation /

Bibliographic Details
Main Author: Simon, Dan
Corporate Author: NASA Glenn Research Center
Other Authors: Simon, Donald L.
Format: Government Document Book
Language:English
Published: [Cleveland, Ohio] : National Aeronautics and Space Administration, Glenn Research Center, [2003]
Series:NASA technical memorandum ; 212111.
Subjects:
Online Access:https://purl.fdlp.gov/GPO/LPS55855

MARC

Tag First Indicator Second Indicator Subfields
LEADER 00000cam a2200000Ka 4500
001 in00001790761
008 031106s2003 ohu bb f000 0 eng d
005 20230331145939.1
035 |a (OCoLC)ocm57137578 
035 |a in00001790761 
040 |a GPO  |c GPO  |d MvI  |d UtOrBLW 
049 |a UMIC 
049 |a WWW 
074 |a 0830-D (MF) 
074 |a 0830-D (online) 
086 0 |a NAS 1.15:212111 
100 1 |a Simon, Dan. 
245 1 0 |a Kalman filtering with inequality constraints for turbofan engine health estimation /  |c Dan Simon, Donald L. Simon. 
264 1 |a [Cleveland, Ohio] :  |b National Aeronautics and Space Administration, Glenn Research Center,  |c [2003] 
300 |a 1 volume 
336 |a text  |b txt  |2 rdacontent 
337 |a microform  |b h  |2 rdamedia 
338 |a microfiche  |b he  |2 rdacarrier 
490 1 |a NASA TM ;  |v 2003-212111 
500 |a Shipping list number: 2004-0002-M. 
500 |a "February 2003." 
500 |a Shipping List Date: 10/27/2003 
504 |a Includes bibliographical references. 
533 |a Microfiche.  |b [Washington, D.C. :  |c National Aeronautics and Space Administration,  |d 2003] 
530 |a Also available via Internet from the NTRS web site. Address as of 12/2/04: http://ntrs.nasa.gov/archive/nasa/casi.ntrs.nasa.gov/20030018910%5F2003023709.pdf; current access is available via PURL. 
500 |a Microform. 
650 7 |a Aircraft engines.  |2 nasat 
650 7 |a Kalman filters.  |2 nasat 
650 7 |a Quadratic programming.  |2 nasat 
650 7 |a Systems health monitoring.  |2 nasat 
650 7 |a Turbofan engines.  |2 nasat 
700 1 |a Simon, Donald L. 
710 2 |a NASA Glenn Research Center. 
830 0 |a NASA technical memorandum ;  |v 212111. 
856 4 1 |u https://purl.fdlp.gov/GPO/LPS55855  |t 0 
999 |a MARS 
999 f f |i 50e8bfa4-6e10-353b-a19b-85b404da6102  |s 0a2ba21f-2314-3d5b-87d6-9cd2cc81c9c1  |t 0 
952 f f |p normal  |a Texas A&M University  |b College Station  |c Sterling C. Evans Library  |d Evans: US Documents Microfiche (3rd floor)  |t 0  |e NAS 1.15:212111  |h Superintendent of Documents classification  |i microform -- microfiche  |m A14831001379 
952 f f |a Texas A&M University  |b College Station  |c Electronic Resources  |d Available Online  |t 0  |e NAS 1.15:212111  |h Superintendent of Documents classification 
998 f f |a NAS 1.15:212111  |t 0  |l Evans: US Documents Microfiche (3rd floor) 
998 f f |a NAS 1.15:212111  |t 0  |l Available Online